Raavi Celebrity Crushes - Statistics

General Stats
  • This quiz has been taken 13 times
  • The average score is 3 of 12
Answers on the Grid
Answers color-coded by a green-red scale on the quiz's grid according to % correct below.
Mark Lee
Jungkook
George Russell
Oscar Piastri
Evan Peters
Cillian Murhpy
George Pietro
David Corenswet
Steve Harrington
Max Verstappen
Jay Park
Timothee Chalamet
Hudson Williams
Connor Storrie
Taeyang
Jeremy Allen White
Lando Norris
Mark Storrie
Drew Starkey
Jack Aitken
Kimi Antonelli
Tommy Shelby
Mike Faist
 
Answer Stats
Answer % Correct
Cillian Murhpy
67%
George Russell
67%
Mark Lee
67%
Connor Storrie
33%
David Corenswet
33%
Oscar Piastri
33%
Tommy Shelby
33%
Drew Starkey
0%
Hudson Williams
0%
Kimi Antonelli
0%
Lando Norris
0%
Max Verstappen
0%
No matching quizzes found
Score Distribution
Percent of People with Each Score
Percentile by Number Answered
Your Score History
You have not taken this quiz